00332cam a22001097a 4500008004000000082001300040245006600053260004300119300000900162440003800171650001300209180718b2001 xxu||||| |||| 00| 0 eng d aL2 T199t aTaxation of salaried employees pensioners and senior citizens aDelhibDirectorate of Income Taxc2001 a49p. aTax payers information series; 31 aTaxation